| 000 | 00748nam a2200241 a 4500 | ||
|---|---|---|---|
| 001 | 000036083 | ||
| 003 | DO-SdBNP | ||
| 005 | 20250212095154.0 | ||
| 007 | ta | ||
| 008 | 111129s1999 dr ac 000 0 spa d | ||
| 020 | _a8493063878 | ||
| 040 |
_aDO-SdBNP _bspa _cBNPHU _erda |
||
| 082 | 4 |
_axxxx _bA473j _222 |
|
| 100 | 1 |
_aÁlvarez, Maritza, _eautor _4aut. _925287 |
|
| 245 | 1 | 0 |
_aJardines de luz : _bcementerios dominicanos / _cMaritza Álvarez. |
| 264 | 4 |
_aSanto Domingo : _bEditora Cole, _c©1999. |
|
| 300 |
_a203 páginas : _bilustraciones, mapas, retratos ; _c25 cm. |
||
| 336 |
_atexto _btxt _2rdacontent |
||
| 337 |
_asin mediación _bn _2rdamedia |
||
| 338 |
_avolumen _bnc _2rdacarrier |
||
| 590 | _aInventariado, 2025/BT | ||
| 942 |
_2ddc _cLBS1 |
||
| 999 |
_c35574 _d35574 |
||